[Event "Let's Play Chess!"]
[Site "http://www.queenalice.com/game.php?id=201138"]
[Date "2007.4.23"]
[Round "-"]
[White "aleuhirov"]
[Black "Matman"]
[Result "1-0"]
[WhiteElo "2044"]
[BlackElo "1340"]

1. e4 d5 2. exd5 Qxd5 3. Nc3 Qa5 4. Nf3 Bg4 5. h3 Bxf3 6. Qxf3 c6 7. d4 e6 8.
Bd2 Bb4 9. Qg3 g6 10. d5 cxd5 11. Qe5 Bxc3 12. Bxc3 Qc5 13. Qxh8 Kf8 14. Bg7+
Ke7 15. Qxg8 Qxc2 16. Qf8+ Kd7 17. Qxf7+ Kd6 18. Bf8+ Ke5 19. f4+ Ke4 20. Qxe6+
Kxf4 21. g3+ 1-0

[Event "Let's Play Chess!"]
[Site "http://www.queenalice.com/game.php?id=201364"]
[Date "2007.4.23"]
[Round "-"]
[White "aleuhirov"]
[Black "jweeks123"]
[Result "1-0"]
[WhiteElo "1999"]
[BlackElo "969"]

1. e4 Nf6 2. e5 Ne4 3. d3 Nc5 4. d4 Ne6 5. Nf3 f5 6. d5 Nc5 7. Be2 b5 8. Ng5 g6
9. e6 dxe6 10. Qd4 Nba6 11. Qxh8 Nd7 12. Nxe6 Bb7 13. Nxd8 Rxd8 14. Qxh7 Bxd5
15. Qxg6+ Bf7 16. Bh5 Nb6 17. Qxf7+ Kd7 18. Qxf5+ Kc6 19. Bf3+ Nd5 20. Nc3 Nb4
21. a3 Nxc2+ 22. Qxc2 Bg7 23. Nxd5+ Kd6 24. Qxc7+ Ke6 25. Qxe7+ Kf5 26. Qe4# 1-0

[Event "Let's Play Chess!"]
[Site "http://www.queenalice.com/game.php?id=201454"]
[Date "2007.4.23"]
[Round "-"]
[White "aleuhirov"]
[Black "MarcosT"]
[Result "1-0"]
[WhiteElo "2034"]
[BlackElo "1778"]

1. e4 e5 2. d4 exd4 3. c3 dxc3 4. Bc4 cxb2 5. Bxb2 d5 6. Bxd5 Be6 7. Bxb7 Qxd1+
8. Kxd1 Nd7 9. Bxa8 Ngf6 10. Nf3 Bc5 11. Bd4 Bxd4 12. Nxd4 Bc4 13. Nd2 O-O 14.
Nxc4 Rxa8 15. f3 Rd8 16. Nc6 Re8 17. Nxa7 Nc5 18. Kc2 Nfd7 19. Rhd1 f5 20. exf5
Nf6 21. Nc6 h5 22. Rd8 Rxd8 23. Nxd8 Nd5 24. Re1 Nb4+ 25. Kb1 Kf8 26. Ne5 Na4
27. Ng6+ Kg8 28. Re8+ 1-0

[Event "Let's Play Chess!"]
[Site "http://www.queenalice.com/game.php?id=201455"]
[Date "2007.4.24"]
[Round "-"]
[White "Parker"]
[Black "aleuhirov"]
[Result "0-1"]
[WhiteElo "1379"]
[BlackElo "2106"]

1. e4 e5 2. Nf3 Nc6 3. Nc3 Nf6 4. d3 d5 5. Bg5 d4 6. a3 dxc3 7. bxc3 Bd6 8. Be2
Qe7 9. O-O Bxa3 10. Bxf6 gxf6 11. d4 Bb2 12. Rb1 Bxc3 0-1

[Event "Let's Play Chess!"]
[Site "http://www.queenalice.com/game.php?id=204864"]
[Date "2007.5.1"]
[Round "-"]
[White "aleuhirov"]
[Black "skinhead"]
[Result "1-0"]
[WhiteElo "2065"]
[BlackElo "1400"]

1. e4 e5 2. d4 exd4 3. c3 dxc3 4. Bc4 cxb2 5. Bxb2 d5 6. exd5 Bb4+ 7. Nd2 Qe7+
8. Ne2 Nf6 9. O-O O-O 10. a3 Bc5 11. Ng3 Re8 12. Qc2 Bg4 13. Bd3 Nxd5 14. Bxh7+
Kh8 15. Bf5 Nf6 16. Bxg4 Nxg4 17. Nf5 Qe2 18. Qxc5 Qxd2 19. Nxg7 Rc8 20. Qh5+
Kg8 21. Qxg4 Qxb2 22. Nh5+ Kh7 23. Qf5+ Kh6 24. Nf6 Rh8 25. Rae1 Qe2 26. Rxe2
Rd8 27. Qh5+ Kg7 28. Qg5+ Kh8 29. Qh6# 1-0

[Event "Let's Play Chess!"]
[Site "http://www.queenalice.com/game.php?id=204865"]
[Date "2007.5.1"]
[Round "-"]
[White "Barbudo"]
[Black "aleuhirov"]
[Result "0-1"]
[WhiteElo "1625"]
[BlackElo "2040"]

1. d4 Nf6 2. Nc3 d5 3. Bf4 Bf5 4. Nb5 Na6 5. e3 e6 6. Nf3 Bb4+ 7. c3 Be7 8. Qa4
c6 9. Na3 Qb6 10. Nb5 O-O 11. Nd6 Qxb2 12. Rd1 Bc2 0-1

[Event "Let's Play Chess!"]
[Site "http://www.queenalice.com/game.php?id=204931"]
[Date "2007.5.2"]
[Round "-"]
[White "jose50"]
[Black "aleuhirov"]
[Result "0-1"]
[WhiteElo "1676"]
[BlackElo "2067"]

1. e4 e5 2. Bc4 Nf6 3. d3 c6 4. a3 d5 5. exd5 cxd5 6. Bb3 Nc6 7. c3 Be7 8. Nf3
O-O 9. h3 Bf5 10. O-O Qc7 11. Be3 Rfd8 12. d4 e4 13. Nh4 Be6 14. f4 Na5 15. Ba2
Nc4 16. Qe2 Nh5 17. Qxh5 Nxe3 18. Nd2 Nxf1 19. Rxf1 Bf6 20. f5 Bc8 21. Ng6 e3
0-1

[Event "Let's Play Chess!"]
[Site "http://www.queenalice.com/game.php?id=204932"]
[Date "2007.5.1"]
[Round "-"]
[White "aleuhirov"]
[Black "carlos31"]
[Result "1-0"]
[WhiteElo "2108"]
[BlackElo "1722"]

1. e4 c5 2. Nc3 d6 3. Nf3 Bg4 4. h3 Bh5 5. Bc4 Nf6 6. d4 cxd4 7. Qxd4 Bxf3 8.
gxf3 e5 9. Qd3 a6 10. Be3 Be7 11. Nd5 Nxd5 12. Qxd5 O-O 13. Qxb7 Nd7 14. O-O-O
Bg5 15. Rxd6 Bxe3+ 16. fxe3 Nc5 17. Bxf7+ Kh8 18. Rxd8 Nxb7 19. Rxa8 Rxa8 20.
Rd1 g6 21. Bc4 a5 22. Rd7 Rc8 23. Ba6 Nc5 24. Bxc8 Nxd7 25. Bxd7 Kg7 26. c4 Kf7
27. c5 Ke7 28. Bb5 h6 29. f4 exf4 30. exf4 Ke6 31. c6 Kd6 32. e5+ Kc7 33. e6 Kd6
34. c7 Kxc7 35. e7 Kb6 36. e8=Q Kc5 37. Qc6+ Kd4 38. Kd2 h5 39. Qc4# 1-0

[Event "Let's Play Chess!"]
[Site "http://www.queenalice.com/game.php?id=204933"]
[Date "2007.5.1"]
[Round "-"]
[White "carlos31"]
[Black "aleuhirov"]
[Result "0-1"]
[WhiteElo "1721"]
[BlackElo "2127"]

1. e4 e5 2. Nf3 Nc6 3. Bb5 a6 4. Bxc6 dxc6 5. O-O Bg4 6. c3 Nf6 7. d4 exd4 8.
cxd4 Bxf3 9. gxf3 c5 10. d5 Nd7 11. Bf4 Bd6 12. Bg3 Qf6 13. Nc3 h5 14. e5 Bxe5
15. Bxe5 Nxe5 16. Re1 O-O-O 17. Re3 Nc4 18. Re4 Nb6 19. Qe2 Nxd5 20. Nxd5 Rxd5
21. Re8+ Rxe8 22. Qxe8+ Rd8 23. Qe2 h4 24. h3 Kb8 25. Re1 Qg5+ 26. Kh1 Rd2 27.
Qe8+ Ka7 28. Rg1 Qf5 29. Kg2 Qf4 30. Qe1 Qg3+ 31. Kf1 Qxh3+ 32. Rg2 Qd7 33. Qe3
Rd1+ 34. Ke2 Rb1 35. Qxc5+ b6 36. Qc2 Qb5+ 37. Ke3 Qe5+ 38. Kd3 Rxb2 39. Qa4
Qe2+ 40. Kc3 Qd2+ 41. Kc4 b5+ 42. Qxb5 axb5+ 43. Kc5 Qd6# 0-1

[Event "Let's Play Chess!"]
[Site "http://www.queenalice.com/game.php?id=204942"]
[Date "2007.5.2"]
[Round "-"]
[White "aleuhirov"]
[Black "jose50"]
[Result "1-0"]
[WhiteElo "2042"]
[BlackElo "1646"]

1. e4 e5 2. d4 exd4 3. c3 dxc3 4. Bc4 Qe7 5. Nxc3 Nf6 6. Nf3 h6 7. O-O Qb4 8.
Ne5 d5 9. Nxd5 Nxd5 10. Bxd5 Bd6 11. Nxf7 Rf8 12. Qh5 1-0

[Event "Let's Play Chess!"]
[Site "http://www.queenalice.com/game.php?id=204944"]
[Date "2007.5.2"]
[Round "-"]
[White "aleuhirov"]
[Black "pawn_buzzard"]
[Result "1-0"]
[WhiteElo "2100"]
[BlackElo "1787"]

1. e4 d5 2. exd5 Qxd5 3. Nc3 Qa5 4. Nf3 Nf6 5. d4 e6 6. Bd3 Bb4 7. Bd2 O-O 8.
O-O c5 9. a3 Bxc3 10. Bxc3 Qc7 11. dxc5 Nc6 12. b4 e5 13. Qe2 Bg4 14. Bxe5 Bxf3
15. Bxc7 Bxe2 16. Bxe2 Nd4 17. Bd3 Ne6 18. Be5 Nd7 19. Bd6 Nd4 20. Bxf8 Nxf8 21.
Rad1 Nfe6 22. c3 Nc6 23. Rfe1 g6 24. Bc4 Ncd8 25. Rd7 b6 26. c6 Nxc6 27. Bd5 Rc8
28. Rxf7 Ncd8 29. Rxa7 Rxc3 30. f4 Kf8 31. Bxe6 b5 32. Bd5 1-0

[Event "Let's Play Chess!"]
[Site "http://www.queenalice.com/game.php?id=205152"]
[Date "2007.5.2"]
[Round "-"]
[White "aleuhirov"]
[Black "corinthians2"]
[Result "1-0"]
[WhiteElo "2069"]
[BlackElo "2047"]

1. e4 c5 2. Nf3 e6 3. Nc3 Nc6 4. Bc4 Nf6 5. d4 cxd4 6. Nxd4 Bb4 7. O-O Bxc3 8.
Nxc6 bxc6 9. bxc3 Nxe4 10. Qd4 d5 11. Qxg7 Qf6 12. Qxf6 Nxf6 13. Bd3 Nd7 14. Re1
Nc5 15. Be2 Ba6 16. Bh5 Ne4 17. f3 Nd6 18. Rxe6+ Kd7 19. Rf6 Rae8 20. Bg4+ 1-0

[Event "Let's Play Chess!"]
[Site "http://www.queenalice.com/game.php?id=205153"]
[Date "2007.5.2"]
[Round "-"]
[White "corinthians2"]
[Black "aleuhirov"]
[Result "0-1"]
[WhiteElo "2089"]
[BlackElo "2084"]

1. e4 e5 2. Nf3 Nc6 3. Bb5 Nf6 4. O-O Nxe4 5. Re1 Nd6 6. Nxe5 Nxe5 7. Rxe5+ Be7
8. Bd3 O-O 9. Nc3 Bf6 10. Re3 Bg5 11. Re1 b6 12. b3 Bb7 13. Bb2 f5 14. Ba3 Bf4
15. Ne2 Be5 16. f4 Bxa1 17. Qxa1 Qf6 18. Bb2 Qg6 19. Ng3 Rae8 20. Be5 Ne4 21.
Bxe4 fxe4 22. f5 Qh6 23. Re2 d6 24. Bc3 d5 25. Be5 Ba6 26. Rf2 c5 27. c4 d4 28.
Bf4 g5 0-1

[Event "Let's Play Chess!"]
[Site "http://www.queenalice.com/game.php?id=205376"]
[Date "2007.5.3"]
[Round "-"]
[White "philler"]
[Black "aleuhirov"]
[Result "0-1"]
[WhiteElo "1705"]
[BlackElo "2104"]

1. e4 e5 2. Nf3 Nc6 3. Bc4 Nf6 4. d3 Bb4+ 5. Bd2 Bxd2+ 6. Nbxd2 O-O 7. O-O d5 8.
exd5 Nxd5 9. Re1 Nf4 10. Ne4 Bg4 11. c3 Na5 12. Re3 Nxc4 13. dxc4 Qxd1+ 14. Rxd1
f5 15. Ng3 e4 16. Rd4 c5 17. Rd2 exf3 18. h3 Rad8 19. Rxd8 Rxd8 20. gxf3 Bxh3
21. Re5 Rd2 22. Rxc5 Ne6 23. Re5 Ng5 24. Rd5 Nxf3+ 25. Kh1 Rxf2 0-1

[Event "Let's Play Chess!"]
[Site "http://www.queenalice.com/game.php?id=218096"]
[Date "2007.5.29"]
[Round "-"]
[White "aleuhirov"]
[Black "ChrisDavison102"]
[Result "1-0"]
[WhiteElo "2110"]
[BlackElo "1890"]

1. e4 c5 2. Nf3 d6 3. Nc3 Nf6 4. Bc4 e6 5. d4 cxd4 6. Qxd4 Nc6 7. Qd3 Bd7 8. O-O
Be7 9. Bf4 e5 10. Bg5 Be6 11. Bxf6 Bxf6 12. Nb5 Be7 13. Bxe6 fxe6 14. Rad1 O-O
15. Nxd6 Qc7 16. Qc4 Bxd6 17. Qxe6+ Kh8 18. Rxd6 Rae8 19. Rd7 Qb6 20. Qg4 g6 21.
Qh4 h5 22. Qg5 Re7 23. Qh6+ Kg8 24. Qxg6+ Kh8 25. Qxh5+ Kg7 26. Qg5+ Kf7 27.
Nxe5+ Nxe5 28. Rxe7# 1-0

[Event "Let's Play Chess!"]
[Site "http://www.queenalice.com/game.php?id=218097"]
[Date "2007.5.29"]
[Round "-"]
[White "ChrisDavison102"]
[Black "aleuhirov"]
[Result "0-1"]
[WhiteElo "1846"]
[BlackElo "2123"]

1. e4 e5 2. Nf3 Nc6 3. Bb5 a6 4. Ba4 Nf6 5. O-O b5 6. Bb3 Bd6 7. Re1 O-O 8. c3
Bb7 9. d4 h6 10. a4 Re8 11. axb5 axb5 12. Rxa8 Qxa8 13. Nbd2 Qa7 14. d5 Ne7 15.
Nf1 Ng6 16. Be3 Bc5 17. Bxc5 Qxc5 18. Bc2 d6 19. Ne3 Ra8 20. Qd2 Bc8 21. b4 Qb6
22. h3 Ra2 23. Qd1 Nf4 24. Bb3 Rb2 25. Bc2 Qa6 26. Bb1 Qa3 27. Qc1 Qa1 28. Nc2
Ne2+ 29. Rxe2 Rxb1 30. Nxa1 Rxc1+ 31. Re1 Rxe1+ 32. Nxe1 Nxe4 33. Kf1 Nxc3 34.
Nd3 Bf5 35. Nb2 Nxd5 0-1

[Event "Let's Play Chess!"]
[Site "http://www.queenalice.com/game.php?id=218099"]
[Date "2007.5.30"]
[Round "-"]
[White "ZZZZ"]
[Black "aleuhirov"]
[Result "0-1"]
[WhiteElo "1601"]
[BlackElo "2121"]

1. e4 e5 2. Qh5 Nc6 3. Bb5 Nf6 4. Qf3 Nd4 5. Qd3 c6 6. Ba4 d5 7. c3 dxe4 8. Qe3
Ne6 9. Ne2 Nc5 10. Bc2 Ng4 11. Qg3 Be7 12. h4 f5 13. d3 exd3 14. Bxd3 Nxd3+ 15.
Kd2 Ndxf2+ 16. Kc2 f4 17. Qf3 Bf5+ 18. Kb3 Qb6+ 19. Ka4 Qb5# 0-1

[Event "Let's Play Chess!"]
[Site "http://www.queenalice.com/game.php?id=218138"]
[Date "2007.5.30"]
[Round "-"]
[White "aleuhirov"]
[Black "AndyWo"]
[Result "1/2-1/2"]
[WhiteElo "2147"]
[BlackElo "2241"]

1. e4 c5 2. Nc3 Nc6 3. Nf3 e6 4. d4 cxd4 5. Nxd4 Qc7 6. Be2 a6 7. Be3 Nf6 8. O-O
Bb4 9. Nxc6 dxc6 10. Na4 b5 11. Bc5 Bxc5 12. Nxc5 O-O 13. Qd4 e5 14. Qc3 Qe7 15.
a4 Nd7 16. Nb3 Bb7 17. Rfd1 Rfb8 18. Na5 Nf6 19. axb5 cxb5 20. Nxb7 Qxb7 21.
Qxe5 Re8 22. Qf5 Qxe4 23. Qxe4 Nxe4 24. Bf1 Rec8 25. f3 Nc5 26. Rd6 b4 27. Rb6
Rcb8 28. Rxb8+ Rxb8 29. Ra5 Rc8 30. Bxa6 Nxa6 31. Rxa6 g5 32. Ra4 Rxc2 33. Rxb4
Kg7 34. Rb5 Kg6 35. b4 h5 36. Rd5 h4 37. b5 Rb2 38. Kf1 f6 39. h3 Kf7 1/2-1/2

[Event "Let's Play Chess!"]
[Site "http://www.queenalice.com/game.php?id=218139"]
[Date "2007.5.30"]
[Round "-"]
[White "AndyWo"]
[Black "aleuhirov"]
[Result "1-0"]
[WhiteElo "2244"]
[BlackElo "2150"]

1. e4 e5 2. Nf3 Nc6 3. Bc4 Nf6 4. d3 Bb4+ 5. c3 Be7 6. O-O O-O 7. Bd5 d6 8. Re1
Nxd5 9. exd5 Nb8 10. d4 Nd7 11. dxe5 dxe5 12. c4 f5 13. Nxe5 Nxe5 14. Rxe5 Bd6
15. Re2 Bd7 16. f4 Re8 17. Rxe8+ Qxe8 18. Nc3 Bc5+ 19. Kh1 Qf7 20. Qd3 Re8 21.
Bd2 Qe7 22. Rb1 a6 23. a3 a5 24. a4 Bb6 25. h3 Qd6 26. Nb5 Qc5 27. b4 axb4 28.
Bxb4 Qf2 29. a5 Re2 30. Qf3 Qxf3 31. gxf3 Be3 32. Nxc7 Bxf4 33. Bc5 Rh2+ 34. Kg1
Rc2 35. Rxb7 Rxc4 36. Bb6 Rc1+ 37. Kf2 Rc2+ 38. Kf1 Rc1+ 39. Ke2 Ba4 40. a6 Bd1+
41. Kd3 Bxf3 42. a7 Be4+ 43. Kd4 Rd1+ 44. Kc5 Rc1+ 45. Kb5 Bd3+ 46. Ka4 Ra1+ 47.
Kb4 1-0

[Event "Let's Play Chess!"]
[Site "http://www.queenalice.com/game.php?id=218572"]
[Date "2007.5.30"]
[Round "-"]
[White "aleuhirov"]
[Black "Rutty"]
[Result "1-0"]
[WhiteElo "2115"]
[BlackElo "1906"]

1. e4 e5 2. d4 exd4 3. c3 dxc3 4. Bc4 d6 5. Nxc3 Nc6 6. Nf3 Be6 7. Bxe6 fxe6 8.
Qb3 Qd7 9. Qxb7 Rb8 10. Qa6 Rb6 11. Qe2 Nf6 12. O-O Be7 13. Rd1 e5 14. a3 O-O
15. b4 Qe6 16. Nd5 Rb7 17. Qc4 Kh8 18. Qxc6 Nxe4 19. Qxb7 h6 20. Nxe7 1-0

[Event "Let's Play Chess!"]
[Site "http://www.queenalice.com/game.php?id=218614"]
[Date "2007.5.31"]
[Round "-"]
[White "aleuhirov"]
[Black "pawn_buzzard"]
[Result "1-0"]
[WhiteElo "2122"]
[BlackElo "1747"]

1. e4 e5 2. d4 exd4 3. c3 Qh4 4. Bd3 Bc5 5. Nf3 Qe7 6. cxd4 Bb4+ 7. Nbd2 d6 8.
Qa4+ Nc6 9. d5 b5 10. Bxb5 Bxd2+ 11. Bxd2 Rb8 12. Bxc6+ Kf8 13. Qxa7 Rxb2 14.
O-O Nf6 15. e5 dxe5 16. Bc1 1-0

[Event "Let's Play Chess!"]
[Site "http://www.queenalice.com/game.php?id=218615"]
[Date "2007.5.31"]
[Round "-"]
[White "Carlos75"]
[Black "aleuhirov"]
[Result "0-1"]
[WhiteElo "2403"]
[BlackElo "2127"]

1. e4 e5 2. Nf3 Nc6 3. Bb5 a6 4. Ba4 Nf6 5. O-O b5 6. Bb3 Bb7 7. d3 Bc5 8. Nc3
O-O 9. a3 d6 10. Nd5 Nxd5 11. Bxd5 Qd7 12. Be3 Bxe3 13. fxe3 Nd8 14. Bb3 Rc8 15.
Nd2 Ne6 16. Qh5 Qe7 17. Rf3 Qg5 18. Qh3 Qe7 19. Rg3 c6 20. Nf3 Kh8 21. Rf1 Rce8
22. Qh5 a5 23. Rh3 h6 24. Rg3 a4 25. Ba2 Kh7 26. Nh4 d5 27. Nf5 Qf6 28. Qg4 Kh8
29. Nxh6 Qxh6 30. Rh3 Qxh3 0-1